000 nam a22 7a 4500
999 _c8149
_d8149
008 171130b xxu||||| |||| 00| 0 eng d
100 _94586
_aMUNDRA.P.K.ET AL
245 _aSUPER 20 CHEMISTRY-12 S.P
260 _aNEW DELHI
_bFULL MARKS
_c2018